| 000 | 00562nam a2200181Ia 4500 | ||
|---|---|---|---|
| 005 | 20250423101123.0 | ||
| 008 | 250422s9999 xx 000 0 und d | ||
| 020 | _a9781032271583 | ||
| 050 | _aRE 46 .T49/ | ||
| 100 | _aEdited by Vashist, Praveen. | ||
| 245 | 0 | _aTextbook of community ophthalmology | |
| 260 | _aBoca Raton | ||
| 260 | _bCRC Press | ||
| 260 | _c2024 | ||
| 300 | _axxii, 165p.: ill. | ||
| 650 | _aVision Disorders--epidemiology Ophthalmology--methods Community Health Services--methods Internationality Developing Countries | ||
| 942 | _cBK | ||
| 999 |
_c35347 _d35347 |
||